Papua New Guinea country study on biological diversity / (Registro nro. 1209)

Detalles MARC
000 -CABECERA
Campo de control 01141cam a2200265 i 4500
005 - FECHA Y HORA DE LA ULTIMA TRANSACCION
Campo de control 20160123150551.0
008 - ELEMENTOS DE LONGITUD FIJA—INFORMACION GENERAL
Campo de control 960313s1995 pp ab b 000 0 eng d
020 ## - ISBN
ISBN 9980851112
040 ## - FUENTE DE CATALOGACIÓN
Agencia catalogadora original MoSB
Agencia transcriptora MoSB
Agencia Modificadora NNM
-- DNAL
-- DLC
-- DLC
041 0# - IDIOMA
Código de idioma para texto/pista de sonido o título separado Inglés
042 ## - AUTHENTICATION CODE
Authentication code lccopycat
043 ## - GEOGRAPHIC AREA CODE
Geographic area code a-pp---
082 04 - NUMERO DE CLASIFICACION DECIMAL DEWEY
Número de clasificación 333.9509953
Número del ítem P21p
245 00 - MENCION DE TITULO
Título Papua New Guinea country study on biological diversity /
Mención de responsabilidad edited by N. Sekhran and S. Miller.
260 ## - PUBLICACION, DISTRIBUCION, ETC. (PIE DE IMPRENTA)
Lugar de publicación, distribución, etc. Waigani, Papua New Guinea :
Nombre del editor, distribuidor, etc. Dept. of Environment and Conservation, Conservation Resource Centre ;
Fecha de publicación, distribución, etc. 1995.
300 ## - DESCRIPCION FISICA
Extensión xl, 438 páginas :
Otros detalles físicos ilustraciones y mapas ;
Dimensiones 28 cm.
650 14 - ASIENTO SECUNDARIO DE MATERIA - TERMINO TEMATICO
Término temático o nombre geográfico como elemento de entrada Diversidad biológica
Subdivisión geográfica Papúa Nueva Guinea.
9 (RLIN) 54480
650 24 - ASIENTO SECUNDARIO DE MATERIA - TERMINO TEMATICO
Término temático o nombre geográfico como elemento de entrada Historia natural
Subdivisión geográfica Papúa Nueva Guinea.
9 (RLIN) 54481
650 24 - ASIENTO SECUNDARIO DE MATERIA - TERMINO TEMATICO
Término temático o nombre geográfico como elemento de entrada Conservación biológica
Subdivisión geográfica Papúa Nueva Guinea.
9 (RLIN) 54482
700 1# - ASIENTO SECUNDARIO - NOMBRE PERSONAL
Nombre personal Sekhran, Nikhil,
Término de relación editor.
9 (RLIN) 54483
700 1# - ASIENTO SECUNDARIO - NOMBRE PERSONAL
Nombre personal Miller, Scott E.,
Forma más completa del nombre (Scott Everett)
Término de relación editor.
9 (RLIN) 54484
710 1# - ASIENTO SECUNDARIO - NOMBRE CORPORATIVO
Nombre corporativo o de jurisdicción como elemento de entrada Papua New Guinea.
Unidad subordinada Department of Environment and Conservation.
-- Conservation Resource Centre.
9 (RLIN) 54485
710 2# - ASIENTO SECUNDARIO - NOMBRE CORPORATIVO
Nombre corporativo o de jurisdicción como elemento de entrada Africa Centre for Resources and Environment.
9 (RLIN) 54486
942 ## - ELEMENTOS ADICIONALES (KOHA)
Sistema de clasificación Dewey Decimal Classification
Tipo de ítem Libro
Existencias
Withdrawn status Lost status Sistema de Clasificación Damaged status No para préstamo Colección Inventariado Ubicación Permanente Ubicación actual Fecha de adquisición Fuente de Valor Valor Total Checkouts Número topográfico Inventario / Código de Barras Date last seen Ejemplar Price effective from Forma de adquisición Tipo de material
    Dewey Decimal Classification     General Inventariado 2017 Bogotá Bogotá 24/04/1999 Instituto 39000.00   LB-333.9509953 P21p 001637 04/12/2012 Ej. 1 04/12/2012   Libro